El año de las Naciones Unidad para la tolerancia visto desde una biblioteca escolar de Argentina (Record no. 62475)

MARC details
000 -CABECERA
campo de control de longitud fija 00671nam a2200217 a 4500
005 - FECHA Y HORA DE LA ÚLTIMA TRANSACCIÓN
campo de control 20210219152851.0
008 - ELEMENTOS DE LONGITUD FIJA--INFORMACIÓN GENERAL
campo de control de longitud fija 991125n 000 0 spa u
035 ## - NÚMERO DE CONTROL DEL SISTEMA
Número de control de sistema UPN01000064197
100 ## - ASIENTO PRINCIPAL--NOMBRE PERSONAL
Nombre de persona CORDOBA, Carlos A.
222 ## - TÍTULO CLAVE
Título clave EDUCACION Y BIBLIOTECA : REVISTA MENSUAL DE DOCUMENTACION Y RECURSOS DIDACTICOS
245 ## - MENCIÓN DE TÍTULO
Título El año de las Naciones Unidad para la tolerancia visto desde una biblioteca escolar de Argentina
260 ## - PUBLICACIÓN, DISTRIBUCIÓN, ETC.
Lugar de publicación, distribución, etc. MADRID, ESPAÑA
300 ## - DESCRIPCIÓN FÍSICA
Extensión 17-22
362 ## - FECHAS DE PUBLICACIÓN Y/O DESIGNACIÓN SECUENCIAL
Fecha de publicación y/o designación secuencial 1994 No. 51, (nov.)
653 0# - TERMINO DE INDIZACION - NO CONTROLADO
Término no controlado ARGENTINA
653 0# - TERMINO DE INDIZACION - NO CONTROLADO
Término no controlado BIBLIOTECAS ESCOLARES
653 0# - TERMINO DE INDIZACION - NO CONTROLADO
Término no controlado CULTURA
653 0# - TERMINO DE INDIZACION - NO CONTROLADO
Término no controlado INMIGRANTES
904 ## - ELEMENTOS DE DATOS D LOCAL, LDD (RLIN)
a AC
b 002008
905 ## - TIPO DE MATERIAL
Tipo de material Articulo

No items available.